000 00230nam a22000857a 4500
008 161021b xxu||||| |||| 00| 0 eng d
100 _9914
_aOrton.H.F.
245 _aMystery of the Hidden Book
260 _aNewyork
_bJ.B. Publications
_c1953
999 _c3569
_d3569